书目信息 |
| 题名: |
辞海
|
|
| 作者: | ;上海辞书出版社 编辑 | |
| 分册: | 经济分册 | |
| 出版信息: | 上海 上海辞书出版社 1978 |
|
| 页数: | 523,43页 | |
| 开本: | 20cm | |
| 丛书名: | ||
| 单 册: | ||
| 中图分类: | Z32 , Z3 | |
| 科图分类: | ||
| 主题词: | 经济学--百科词典 , 百科词典 , 经济学--中国--词典 , 词典 | |
| 电子资源: | ||
| ISBN: | ||
| 000 | 00724nam0 2200277 450 | |
| 001 | 1555500185 | |
| 005 | 20150119152533.85 | |
| 010 | @dCNY2.40 | |
| 091 | @a17187.11@d¥2.55 | |
| 100 | @a19950727d1978 emky0chiy0110 ea | |
| 101 | 0 | @achi |
| 102 | @aCN@b310000 | |
| 105 | @ay e 001yy | |
| 200 | 1 | @a辞海@9ci hai@e修订稿@i经济分册@f上海辞书出版社编辑 |
| 210 | @a上海@c上海辞书出版社@d1978 | |
| 215 | @a523,43页@d20cm | |
| 300 | @a内部发行 | |
| 606 | 0 | @a经济学@x百科词典 |
| 606 | 0 | @a百科词典 |
| 606 | 0 | @a经济学@y中国@x词典 |
| 606 | 0 | @a词典 |
| 690 | @aZ32@v5 | |
| 690 | @aZ3@v4 | |
| 711 | 02 | @a上海辞书出版社@9shang hai ci shu chu ban she@4编辑 |
| 801 | 0 | @aCN@bTSSF@c20150115 |
| 905 | @aZUCC@dZ3@eJY21 | |
| 辞海:修订稿.经济分册/上海辞书出版社编辑.-上海:上海辞书出版社,1978 |
| 523,43页;20cm |
| 内部发行 |
| ISBN :CNY2.40 |
| ● |
| 相关链接 |
|
|
|
|
正题名:辞海
索取号:Z3/JY21
 
预约/预借
| 序号 | 登录号 | 条形码 | 馆藏地/架位号 | 状态 | 备注 |
| 1 | 7835022 | 278350222 | 学院路分馆/ [索取号:Z3/JY21] | 在馆 | |
| 2 | 7835023 | 278350231 | 学院路分馆/ [索取号:Z3/JY21] | 在馆 |